| 000 | 02096nam a2200337 a 4500 | ||
|---|---|---|---|
| 005 | 20100309140443.0 | ||
| 008 | 061128s2006 ii b 001 0 eng | ||
| 010 | _aB-360841-845 | ||
| 020 |
_a9780198063315 _c295.00 |
||
| 020 |
_a0198063318 _c295.00 |
||
| 035 | _aB-360841-845 | ||
| 037 | _bUppal Book Store | ||
| 040 |
_adpl _bEnglish |
||
| 082 | _a303.3 | ||
| 100 | _aHarriss, John | ||
| 245 |
_aPower matters : _bessays on institutions, politics, and society in India / _cby John Harriss |
||
| 260 |
_aNew Delhi _bOxford University Pres _c2009 |
||
| 270 |
_aYMCA Library Building, Jai Singh Road, _bNew Delhi _e110001 |
||
| 300 |
_axii, 314p. _c23cm(pbk) |
||
| 500 | _aIncludes bibliographical references and index. | ||
| 650 |
_aSocial classes _zIndia. |
||
| 650 |
_aPolitics and culture _zIndia. |
||
| 650 |
_aPower (Social sciences) _zIndia. |
||
| 942 |
_2ddc _cEN _mHAR _h303.3 |
||
| 999 |
_c34524 _d34524 |
||